Gone, but Still Engraved Quiz Stats

 Plays Quiz not verified by Sporcle

Challenge
Share
Tweet
Embed
Score 0/25 Timer 07:00
0 Plays Today
Player Team % Correct
Warren MoonHouston Oilers
82.6%
Johnny UnitasBaltimore Colts
81.1%
Willie MaysNew York Giants
79.4%
Marcus AllenLos Angeles Raiders
78.6%
Hank AaronMilwaukee Braves
73%
Walter JohnsonWashington Senators
64.1%
Jimmie FoxxPhiladelphia A's
62.6%
Don NewcombeBrooklyn Dodgers
61.9%
Buck RodgersMontreal Expos
60.5%
Merlin OlsonLos Angeles Rams
58.7%
Dennis JohnsonSeattle SuperSonics
58%
Elgin BaylorMinneapolis Lakers
51.2%
Dany HeatleyAtlanta Thrashers
50.9%
Player Team % Correct
Oscar RobertsonCincinnati Royals
49.5%
Marc CrawfordQuebec Nordiques
47.7%
Bob PettitSt. Louis Hawks
44.1%
George SislerSt. Louis Browns
44.1%
Doug JarvisHartford Whalers
44.1%
Bob McAdooBuffalo Braves
43.8%
Alvin DarkBoston Braves
40.9%
Don CoryellSt. Louis Cardinals
36.7%
Danny GrantMinnesota North Stars
35.2%
Curtis McClintonDallas Texans
28.1%
Cotton FitzsimmonsKansas City Kings
26.7%
Don MeinekeFort Wayne Pistons
18.9%

You're not logged in!

Compare scores with friends on all Sporcle quizzes.
Join for Free
OR
Log In

You Might Also Like...

Show Comments

Extras

Top Quizzes Today


Score Distribution

Your Account Isn't Verified!

In order to create a playlist on Sporcle, you need to verify the email address you used during registration. Go to your Sporcle Settings to finish the process.

Report this User

Report this user for behavior that violates our Community Guidelines.

Details: